000 01139nam a2200301 a 4500
005 20180803165128.0
008 140312b2000 cl ||||| |||| 00| 0 spa d
041 _aspa
044 _acl
090 _aLB
_b03605
100 _aMolina Corrales, Alonso
_920940
110 _bComité de Coordinación del Plan de Manejo Ambiental para la Reconstrucción del Eje Cafetero
_920941
245 _aPlan de manejo ambiental para la reconstrucción del eje cafetero
_bcartilla de divulgación
260 _aManizales
_bMinambiente
_bINGEOMINAS
_bIDEAM
_bCRQ
_bCORPOCALDAS
_bCARDER
_bCVC
_bCORTOLIMA
_bFondo para la Reconstrucción y Desarrollo Social del Eje Cafetero
_c2000
300 _a30 p.
650 _aRiesgo sísmico
_920942
650 _aDesastres naturales
_920943
650 _aPrevención de desastres
_920944
650 _aPlanes de manejo ambiental
_93562
650 _aGestión ambiental
_992206
650 _aOrdenamiento ambiental territorial
_920946
662 _aColombia
_bQuindío
662 _aColombia
_bRisaralda
662 _aColombia
_bCaldas
662 _aColombia
_bTolima
942 _cImpreso
_2z
945 _d2004-05-26
999 _c3877
_d3877